Start With Why : (Record no. 927)

000 -LEADER
fixed length control field 00648nam a2200241 a 4500
008 - FIXED-LENGTH DATA ELEMENTS--GENERAL INFORMATION
fixed length control field 191108t2011 xxk||||g |||| 00| 0 eng d
020 ## - INTERNATIONAL STANDARD BOOK NUMBER
International Standard Book Number 9780241958223
Terms of availability Rs. 399.00
040 ## - CATALOGING SOURCE
Original cataloging agency IMU Kochi Library
Language of cataloging eng
041 0# - LANGUAGE CODE
Language code of text/sound track or separate title eng
044 ## - COUNTRY OF PUBLISHING/PRODUCING ENTITY CODE
MARC country code United Kingdom
082 04 - DEWEY DECIMAL CLASSIFICATION NUMBER
Edition number 23
Classification number 658.4092
Item number Si63
100 1# - MAIN ENTRY--PERSONAL NAME
Personal name Sinek, Simon
245 10 - TITLE STATEMENT
Title Start With Why :
Sub Title How great leaders inspire everyone to take action /
260 ## - PUBLICATION, DISTRIBUTION, ETC. (IMPRINT)
Place of publication, distribution, etc London :
Name of publisher, distributor, etc Penguin Books Ltd. ,
Date of publication, distribution, etc 2011
300 ## - PHYSICAL DESCRIPTION
Extent x, 246 p. ;
Dimensions 20 cm.
504 ## - BIBLIOGRAPHY, ETC. NOTE
Bibliography, etc Includes Index.
650 #0 - SUBJECT ADDED ENTRY--TOPICAL TERM
Topical term or geographic name as entry element Entrepreneurship
650 #0 - SUBJECT ADDED ENTRY--TOPICAL TERM
Topical term or geographic name as entry element Success
650 #0 - SUBJECT ADDED ENTRY--TOPICAL TERM
Topical term or geographic name as entry element Success in business
852 ## - LOCATION/CALL NUMBER
Location IMU Kochi Library
904 ## - LOCAL DATA ELEMENT D, LDD (RLIN)
CATALOGER Akhil Bose
942 ## - ADDED ENTRY ELEMENTS (KOHA)
Item type Books
Holdings
Withdrawn status Lost status Source of classification or shelving scheme Damaged status Not for loan Collection code Permanent location Current location Shelving location Date acquired Source of acquisition Cost, normal purchase price Total Checkouts Full call number Barcode Date last seen Date last borrowed Koha item type Public note Total Renewals
          Management Studies IMU Kochi Library IMU Kochi Library Fiction & General 2013-03-06 M/s Gemini Book House (Inv. No.76 dt. 2013-02-18) 399.00 2 658.4092 Si63 BK002236 2026-03-03 2026-02-16 Books Shelf-18, Row-5  
          Management Studies IMU Kochi Library IMU Kochi Library Fiction & General 2013-03-05 M/s Gemini Book House (Inv. No.79 dt. 2013-02-18) 399.00 4 658.4092 Si63 BK000626 2026-03-03 2026-02-16 Books Shelf-18, Row-5 2


Copyright © All Rights Reserved by Indian Maritime University, Kochi Campus.
For any Suggestions/Query Contact to library or Email: library.kochi@imu.ac.in Ph:(0484)-2989402
(Web OPAC Designed by Rudra Ranjan. Maintained by IMU Kochi Library)

Powered by Koha